000 00267nam a22000977a 4500
008 240404b |||||||| |||| 00| 0 eng d
020 _a9780465094455
100 _aPERRY D. BRUCE
_97728
245 _aTHE BOY WHO WAS RAISED AS A DOG
260 _aNEW YORK
_bBASIC BOOKS
_c2017
999 _c12555
_d12555